Etymologie Pokémon #2 - Statistiques

Statistiques générales
  • Ce quiz a été pris 668 fois
  • Le résultat moyen est 17 sur 20
Statistiques - réponses
Hint Réponse % Correct
Marais + Reste Maraiste
97%
Miniature + "Dragon" en Latin Minidraco
97%
Poisson + Sirène Poissirène
97%
Nosferatu + Alto Nosferalto
96%
Dard + D'Artagnan Dardargnan
95%
Ouistiti + Cramer Ouisticram
95%
Gambas + Blast Gamblast
93%
Gros + Dérive Grodrive
93%
Hippocampe + Océan Hypocéan
93%
Scalper + Pion Scalpion
93%
Victoire + Mini Victini
93%
Volcan + Canon + Ion Volcanion
91%
Zèbre + Biberon Zébibron
90%
Chenille + déformation du mot "Patte" Chenipotte
87%
Vibration + Nymphe Vibraninf
83%
"Latere" ( "Se cacher" en Latin) + -as (Terminaison latine au féminin) Latias
79%
Dreadlocks + Lapin Lockpin
78%
Esprit + Tombe (en anglais) Spiritomb
76%
Vient de Lynx et Lux Lixy
72%
Onomatopée de "manger" en japonnais + Luna Mushana
37%
Aucun quiz correspondant
Distribution des résultats
% des personnes avec chaque résultat
Percentile par nombre de réponses
Votre historique - résultats
Vous n’avez pas pris ce quiz